000 00756nam a2200193Ii 4500
003 JO-AjNU
008 230605s9999||||xx |||||||||||||| ||und||
040 _aJO-AjNU
_bara
_erda
_cJO-AjNU
041 _aara
050 1 4 _aPJ6011.M34 2018
100 3 _aمجمع اللغة العربية الأردني,
_eauthor
_959515
245 0 0 _aمجمع اللغه العربية الأردني: التقرير السنوي الثاني والأربعون لعام 1440- 2018م
264 3 1 _aعمان: مجمع اللغة العربية الأردني، 2018
300 _a80ص
336 _atext
_btxt
_2rdacontent
337 _aunmediated
_bn
_2rdamedia
338 _avolume
_bnc
_2rdacarrier
650 4 _aمجمع اللغة العربية- تقارير
_959516
999 _aA26786
_c30354
_d30354